000 00671nam a2200193 a 4500
001 000041033
005 20201002034551.0
008 130913s2004 sp 000 0 spa d
020 _a8400082141
040 _aDO-SdBNP
_bspa
_cBNPHU
082 _axxx
_bxxxx
100 1 _aFernández Gutiérrez, José María
_967517
245 1 3 _aLa Novela del sábado :
_b(1953-1955) catálogo y contexto histórico literario /
_cJosé María Fernández Gutiérrez.
260 _aMadrid, :
_bCSIC,
_c2004.
300 _a119 p.
_e+-CD
_c22 cm.
490 1 _aLiteratura breve
_v12
710 2 _aConsejo superior de investigaciones científicas
_94786
830 0 _aLiteratura breve
_v12
_915394
999 _c40523
_d40523